| 000 | 00699cam a2200193 a 4500 | ||
|---|---|---|---|
| 082 | 0 | 0 |
_a624/.257 _bCON _cL-39, P-187 |
| 245 | 1 | 0 |
_aConcrete bridges in aggressive environments : _bPhilip D. Cady International Symposium / _cRichard E. Weyers, editor. |
| 260 |
_aDetroit, Mich. : _bAmerican Concrete Institute, _cc1994. |
||
| 300 |
_aviii, 296 p. : _bill. ; _c23 cm. |
||
| 490 | 1 | _aACI SP ; | |
| 526 |
_a0 _b0 _c0 _d624_257000000000000_CON |
||
| 650 | 0 |
_aConcrete bridges _943016 |
|
| 650 | 0 |
_aConcrete bridges _xDeterioration _921715 |
|
| 650 | 0 |
_aMCE _9379 |
|
| 650 | 0 |
_aReinforced concrete _xCorrosion _943003 |
|
| 700 | 1 |
_aCady, P. D. _943864 |
|
| 700 | 1 |
_aWeyers, Richard E. _946667 |
|
| 942 |
_2ddc _cBK |
||
| 999 |
_c549930 _d549930 |
||